Normal view
MARC view
Entry Personal Name
001 - CONTROL NUMBER
- control field: 40746
003 - CONTROL NUMBER IDENTIFIER
- control field: OSt
005 - DATE AND TIME OF LATEST TRANSACTION
- control field: 20211105154816.0
008 - FIXED-LENGTH DATA ELEMENTS
- fixed length control field: 211105|| aca||aabn | a|a d
040 ## - CATALOGING SOURCE
- Original cataloging agency: OSt
- Transcribing agency: OSt
100 ## - HEADING--PERSONAL NAME
- Personal name: McQuinn, K. B. W., ed
670 ## - SOURCE DATA FOUND
- Source citation: Work cat.: (OSt): McQuinn, K. B. W., ed., Dwarf Galaxies: From the Deep Universe to the Present, 2019